000 00651nam a2200193Ia 4500
001 17029
003 GE_BSU
008 181216s||||||||xx |||||||||||||| ||und||
040 _cGE_BSU
080 _a821.161.1-1
245 _aმეოცე საუკუნის რუსი პოეტები
245 _cშეადგინა და რედ. გაუკეთა შ. ნიშნიანიძემ
260 _aთბილისი
260 _bმერანი
260 _c1984
300 _a311გვ. ; 17სმ
653 _aმეოცე საუკუნის რუსი პოეტები
942 _cBK
999 _c50091
_d50091